007800000a22001570004500090001600000100004100016245020400057260005000261300001400311500004700325520010500372001000600477942000700483952011500490999001700605 aT Z947a t.21 aZuleta Basilio, Alexander de Jesús10aAnálisis exhaustivo de los materiales bíblicos Antiguo y Nuevo Testamento. Segunda parte. / Alexander de Jesús Zuleta Basilio, Dionicio Segundo Guerrero Peralta, Gloria Elena Muñóz Vallejo. aMedellín : Seminario Bíblico de Colombia a107 Pág aAsesor: Dr. Fernando Abilio Mosquera Brand a2. Antiguo Testamento y escatología cristiana. 3. El Nuevo Testamento y la escatología cristiana14749 cBK 001040708TGaFUSBCbFUSBCd2007-11-14l0o T Z947a t.2p16800r2019-12-12 00:00:00t1w2016-01-26yTGB2C3 c43591d43591